[Event "CRO-ch"]
[Site "Slavonski Brod"]
[Date "1995.??.??"]
[Round "?"]
[White "Rogic, Davor"]
[Black "Cebalo, Miso"]
[Result "0-1"]
[WhiteElo "2460"]
[BlackElo "2570"]
[Annotator "King,D"]
[PlyCount "62"]
[EventDate "1995.02.??"]
[EventType "tourn"]
[EventRounds "13"]
[EventCountry "CRO"]
[EventCategory "10"]
[SourceTitle "CBM 048"]
[Source "ChessBase"]
[SourceDate "1995.10.01"]
[SourceVersion "1"]
[SourceVersionDate "1995.10.01"]
[SourceQuality "1"]

1. e4 c5 2. Nf3 e6 3. d4 cxd4 4. Nxd4 Nf6 5. Nc3 d6 6. Bg5 Be7 7. Qd2 a6 8.
O-O-O Nbd7 9. f4 Qc7 10. g4 b5 11. Bxf6 Nxf6 12. g5 b4 $1 {Good move; Black
does not back down. the advance of the bP is fundamental to Black's chances
when attacking K in the Sicilian defence.} 13. Nd5 exd5 14. gxf6 Bxf6 15. exd5
O-O 16. Rg1 {Although White has an open file against K, it is, for the moment,
without too much significance, as Bf6 covers g7 effectively.} Bd7 17. Nc6 Rfe8
18. Bg2 a5 19. Rde1 Qb6 20. Rxe8+ Rxe8 21. Re1 Rxe1+ 22. Qxe1 g6 23. Be4 Qc5 {
Black has a clear advantage due to the power of the twoB, and the poor
position of White's K. Note how the P on b4 prevents White from creating an
effective escape square for K.} 24. Nb8 Bg4 25. Nc6 Bh4 26. Qh1 a4 27. f5 a3
28. Kb1 axb2 29. h3 Bh5 30. Qf1 Bg5 31. f6 Qe3 0-1

[Event "Antwerp op"]
[Site "Antwerp"]
[Date "1996.??.??"]
[Round "3"]
[White "Wirschell, Taco"]
[Black "Van Wely, Loek"]
[Result "0-1"]
[WhiteElo "2325"]
[BlackElo "2605"]
[Annotator "Meulders,R"]
[PlyCount "80"]
[EventDate "1996.07.??"]
[EventType "swiss"]
[EventRounds "9"]
[EventCountry "BEL"]
[SourceTitle "EXT 1997"]
[Source "ChessBase"]
[SourceDate "1996.11.15"]
[SourceVersion "1"]
[SourceVersionDate "1996.11.15"]
[SourceQuality "1"]

1. e4 c5 2. Nf3 d6 3. d4 cxd4 4. Nxd4 Nf6 5. Nc3 a6 6. Bg5 e6 7. Qe2 $6 h6 8.
Bh4 Be7 9. O-O-O Nxe4 10. Bxe7 (10. Qxe4 Bxh4 11. Nf5 Qg5+ 12. Kb1 Qxf5 13.
Qxh4 d5 14. Bd3 Qg5 15. Qxg5 hxg5 $15) 10... Nxc3 11. Bxd8 Nxe2+ 12. Nxe2 Kxd8
13. Rxd6+ Ke7 14. Rd2 b5 15. Nc3 Bb7 16. Bd3 b4 17. Ne4 Nd7 18. Re1 g6 19. Bc4
$6 (19. f4 $5 $10 {/+=}) 19... Nb6 20. Bb3 (20. Bf1) 20... Rad8 21. Rxd8 Rxd8
22. Nc5 Bc8 23. Re3 $6 {Wie wenig ist noetig, um eine ausgeglichene Stellung
in eine schlechte zu verwandeln.} (23. f4) (23. Rd1) 23... a5 24. c3 $6 (24.
Rd3) 24... Nd5 25. Bxd5 {Der Tausch ist fast erzwungen, andernfalls steht
Schwarz um eine Kleinigkeit besser, weil Weiss nach ...bxc3 mit dem Bauer
zuruecknehmen muss.} Rxd5 26. cxb4 axb4 27. Nd3 Rd4 $15 28. Ne5 Kf6 $1 29. g3
g5 30. b3 Bb7 31. Nc4 Bd5 32. Nb2 Be4 33. f3 Bc6 34. Nc4 $6 (34. Nd3 Bb5 35.
Ne1 {/\ 36.Sc2}) 34... Bb5 35. Re4 $2 {Sofortiger Selbstmord. Obwohl das
Bauernendspiel nicht allzu schwer zu kalkulieren war.} Rxe4 36. fxe4 Bxc4 37.
bxc4 Ke5 38. Kc2 Kd4 $1 39. Kb3 Kc5 40. e5 (40. g4 f6 41. h3 e5 $19) 40... g4
0-1

[Event "Interpolis-03"]
[Site "Tilburg"]
[Date "1979.11.11"]
[Round "8"]
[White "Smyslov, Vassily V"]
[Black "Portisch, Lajos"]
[Result "0-1"]
[WhiteElo "2560"]
[BlackElo "2640"]
[Annotator "Parma,B"]
[PlyCount "114"]
[EventDate "1979.11.01"]
[EventType "tourn"]
[EventRounds "11"]
[EventCountry "NED"]
[EventCategory "15"]
[SourceTitle "MCL"]
[Source "ChessBase"]
[SourceDate "1999.07.01"]
[SourceVersion "1"]
[SourceVersionDate "1999.07.01"]
[SourceQuality "1"]

1. e4 c5 2. Nf3 d6 3. d4 cxd4 4. Nxd4 Nf6 5. Nc3 a6 6. Bg5 e6 7. Qe2 h6 8. Bh4
(8. Be3) 8... Be7 {/\9... Se4} 9. Bg3 (9. O-O-O Nxe4 10. Bxe7 Nxc3 11. Bxd8
Nxe2+ 12. Nxe2 Kxd8 13. Rxd6+ Ke7) 9... e5 $1 10. Nb3 b5 11. f4 O-O $1 12. Qd3
$6 (12. fxe5 dxe5 13. Bxe5 Bb4 $40 {<->[+]} (13... Nc6 14. Rd1 Nxe5 $5 15. Rxd8
Rxd8 {Portisch})) 12... Nbd7 13. Be2 Bb7 14. O-O Rc8 15. Rad1 Qc7 {/\b4} 16. a3
Nb6 17. Nd2 Nfd7 18. Bg4 Rcd8 {/\Sdc5} 19. Bxd7 Rxd7 20. Kh1 Bf6 21. Qe3 Re8 (
21... exf4 $143 {/\Lc3}) 22. Bf2 Na4 $1 23. Nxa4 bxa4 24. c3 exf4 25. Qxf4 d5
26. Qxc7 Rxc7 27. Bg3 $6 (27. e5 Bxe5 28. Nf3 {/\Sd4-/+}) 27... Rce7 28. exd5 (
28. e5 Bxe5 29. Bxe5 Rxe5 30. Nf3 Re2 $19) 28... Bxd5 $19 29. Rde1 Re2 30. Rxe2
Rxe2 31. Rf2 Rxf2 32. Bxf2 Bg5 $1 33. Be1 Be3 34. c4 Be6 35. Nf1 Ba7 36. Bc3 (
36. Nd2 Bd4 37. b3 axb3 38. Nxb3 Bb2 $19) 36... Bxc4 37. Ng3 Bd3 38. Nh5 f6 39.
h3 Kf7 40. Kh2 Bb8+ 41. g3 Bg6 42. Nf4 Be4 43. Kg1 (43. Nh5 Bf3) 43... g5 44.
Nh5 Ba7+ 45. Kf1 f5 46. Nf6 Bc6 47. h4 Bc5 48. Ke2 Kg6 49. hxg5 hxg5 50. Ke1 g4
$1 {><Sf6} 51. Be5 Be7 52. Ng8 Bg5 53. Bf4 Bd8 54. Bd6 Kf7 55. Nh6+ Ke6 56. Bf4
Bf6 57. Bc1 Bd5 {/\Lg7, Kf6-g6} 0-1

[Event "Ashkhabad-A"]
[Site "Ashkhabad"]
[Date "1996.??.??"]
[Round "12"]
[White "Batyrov, Sapar"]
[Black "Irzhanov, Ruslan"]
[Result "1-0"]
[WhiteElo "2360"]
[BlackElo "2500"]
[Annotator "Petursson,M"]
[PlyCount "45"]
[EventDate "1996.??.??"]
[EventType "tourn"]
[EventRounds "13"]
[EventCountry "TKM"]
[EventCategory "9"]
[SourceTitle "CBM 053"]
[Source "ChessBase"]
[SourceDate "1996.08.01"]
[SourceVersion "1"]
[SourceVersionDate "1996.08.01"]
[SourceQuality "1"]

1. e4 c5 2. Nf3 d6 3. d4 cxd4 4. Nxd4 Nf6 5. Nc3 a6 6. Bg5 e6 7. Qd3 Nbd7 8.
O-O-O b5 9. f4 Bb7 10. e5 dxe5 11. fxe5 Nxe5 12. Qg3 Ned7 13. Bxf6 gxf6 14. Be2
b4 15. Rhe1 $3 {Probably the most remarkable attack on the CBM 53 disk! This
combination appears to be correct.} bxc3 16. Nxe6 Bh6+ 17. Kb1 Qb6 (17... fxe6
18. Bh5+ Kf8 19. Rxe6 Bd2 20. Qd6+ Kg7 21. Re7+ Kh6 22. Rxd7 Qf8 23. Qd3 Kxh5
24. Qf5+ Kh6 25. g4 $18) 18. Bb5 $3 $18 (18. Nc7+ Kf8 (18... Kd8 19. Qxc3 $18)
19. Qxc3 $44) 18... axb5 $2 (18... fxe6 19. Bxd7+ Kf8 20. Qxc3 e5 21. Rxe5 $3
Bd2 $1 (21... fxe5 22. Qxe5 $18) 22. Qxd2 fxe5 23. Qg5 Bd5 24. Qxe5 $18) 19.
Nc5+ Kd8 20. Rxd7+ Kc8 21. Ree7 Be4 22. Rc7+ Kd8 23. Nb7+ 1-0

[Event "CZE-ch"]
[Site "Zlin"]
[Date "1998.06.20"]
[Round "8"]
[White "Voloshin, Leonid"]
[Black "Vokac, Marek"]
[Result "0-1"]
[WhiteElo "2420"]
[BlackElo "2510"]
[Annotator "Tyomkin,D"]
[PlyCount "94"]
[EventDate "1998.06.13"]
[EventType "tourn"]
[EventRounds "11"]
[EventCountry "CZE"]
[EventCategory "9"]
[SourceTitle "CBM 066"]
[Source "ChessBase"]
[SourceDate "1998.09.30"]
[SourceVersion "1"]
[SourceVersionDate "1998.09.30"]
[SourceQuality "1"]

1. e4 c5 2. Nf3 d6 3. d4 cxd4 4. Nxd4 Nf6 5. Nc3 a6 6. Bg5 e6 7. Qd2 Be7 8. Be2
Qc7 9. O-O-O Nbd7 10. f4 b5 (10... O-O 11. Bf3 Nb6 12. g4 Bd7 13. e5 Nc4 14.
exf6 gxf6 (14... Nxd2 $5 15. fxe7 Rfe8 16. Rxd2 f6 17. Bh4 Rxe7 $13) 15. Qe2
fxg5 16. Nd5 exd5 17. Qxe7 Qd8 18. Qxg5+ Qxg5 19. fxg5 $14 {Nilsson,Z-Filip,M/
Munich olm 1958/1-0(39)}) 11. Bf3 Bb7 12. Rhe1 b4 $146 (12... h6 13. Bh4 b4 14.
Nb1 Rc8 15. e5 dxe5 16. Bxb7 Qxb7 17. fxe5 Nd5 18. Bxe7 Nxe7 $15 {Miersch,
M-Novikov,I/Berliner Sommer 1995/0-1(27)}) 13. Nd5 $6 ({Nothing promises} 13.
Nb1 Rc8 $36 {[%csl Rb1]} (13... d5 $6 14. exd5 Bxd5 15. Bxd5 Nxd5 16. Nxe6 fxe6
17. Rxe6 N7f6 18. Bxf6 Nxf6 19. Rde1 Ng8 $8 20. Qxb4 Kf8 21. Qe4 Rc8 22. Nc3
$40 {[%cal Gc3d5]})) 13... exd5 14. exd5 b3 $5 (14... Kf8 15. Nf5 Re8 16. Qxb4
h6 17. Bh4 Nc5 18. Qc3 $1 $132) 15. axb3 Kf8 16. Nf5 Bd8 17. g4 (17. Qb4 Nc5
$17 {[%csl Rb3][%cal Ga8b8]}) 17... h6 18. Bh4 g6 19. Ne3 Qa5 {[%cal Ga5a1]}
20. Qxa5 Bxa5 $17 21. c3 Re8 22. Nc4 Rxe1 23. Bxe1 Bc7 {[%cal Gd7b6]} 24. Bf2
g5 (24... h5 $5 25. g5 Ne8 $17 {[%cal Gf7f6]} (25... Ng4 $6 26. Bg1 $132 {
[%cal Gh2h3]})) 25. Bg3 $8 Ne8 26. b4 Ke7 27. Na5 $6 {Usually in such kind of
positions better to keep more pieces on the board} (27. Re1+ $5 Kf6 28. h4 Nb6
29. Ne3 Ng7 30. c4 $132) 27... Bxa5 28. bxa5 gxf4 29. Bxf4 f6 {[%csl Ge5]} 30.
Rd4 Ne5 31. Be2 Ng7 {[%cal Gh6h5]} 32. Rb4 $2 (32. c4 $142 h5 33. g5 Re8 $17 {
[%cal Ge7f7]}) 32... Bxd5 $19 {[%cal Gg7e6]} 33. Rb6 Ne6 34. Bxe5 fxe5 35. Rxa6
Nf4 36. Bf1 Rg8 37. h3 h5 {The rest of the game is matter of technic.} 38. Ra7+
Ke6 39. c4 Be4 40. Kd2 hxg4 41. hxg4 Rxg4 42. Ke3 Rg3+ $1 43. Kf2 (43. Kxe4 Nh5
{[%cal Gh5f6]}) 43... Rb3 44. c5 Rxb2+ 45. Kg3 dxc5 46. a6 Rb3+ 47. Kh2 Bd5 0-1

[Event "YUG-ch53"]
[Site "Belgrade "]
[Date "1998.03.17"]
[Round "4"]
[White "Tosic, Miroslav"]
[Black "Ilincic, Zlatko"]
[Result "0-1"]
[WhiteElo "2505"]
[BlackElo "2565"]
[Annotator "Tyomkin,D"]
[PlyCount "78"]
[EventDate "1998.03.14"]
[EventType "tourn"]
[EventRounds "15"]
[EventCountry "YUG"]
[EventCategory "10"]
[SourceTitle "CBM 064"]
[Source "ChessBase"]
[SourceDate "1998.06.02"]
[SourceVersion "1"]
[SourceVersionDate "1998.06.02"]
[SourceQuality "1"]

1. e4 c5 2. Nf3 d6 3. d4 cxd4 4. Nxd4 Nf6 5. Nc3 a6 6. Bg5 e6 7. Qf3 h6 8. Bh4
Be7 9. O-O-O Qc7 10. Be2 Nbd7 {white can only dream to get an advantage in
this position!} 11. Rhe1 (11. Rhf1 $6 Rb8 12. Qe3 b5 13. a3 $2 b4 14. axb4 Rxb4
15. f4 Bb7 16. g4 $2 Qb6 17. e5 dxe5 18. fxe5 Nxg4 19. Bxg4 Bxh4 $19 {Denis,
L-Mrdja,M/Cannes op 1990/0-1(28)}) (11. Qh3 $2 Nb6 12. Qd3 g5 13. Bg3 e5 14.
Nf5 Bxf5 15. exf5 O-O-O 16. h4 gxh4 17. Rxh4 d5 $17 {Ghinda,M-Radulov,I/Baile
Herculane zt 1982/0-1(38)}) (11. Qe3 b5 (11... g5 12. Bg3 Ne5 13. h4 Rg8 14.
hxg5 hxg5 15. Qd2 Bd7 16. Nf3 Nfg4 17. Nxe5 Nxe5 18. Rh7 Qc5 19. Qd4 (19. Bh5
Rf8 20. Qd4 Qxd4 21. Rxd4 Bc6 22. f3 Rd8 23. Rh6 Rd7 $1 $11 {Liberzon}) 19...
Qxd4 20. Rxd4 g4 21. Rd1 Bc6 $15 {Liberzon,V-Portisch,L/EU-chT Skara 1980/1/
2-1/2(50)}) 12. Bxf6 Nxf6 13. f4 b4 14. Nb1 Bb7 15. Nd2 Rc8 16. Bd3 g6 17. Kb1
e5 $15 {Van Riemsdijk,H-Olafsson,H/Thessaloniki olm 1988/1/2-1/2(38)}) 11...
Rb8 $146 (11... g5 12. Bg3 Ne5 13. Qe3 b5 (13... Bd7 14. f3 b5 15. Nb1 Qb7 16.
Nd2 Nh5 17. Bf2 Nf4 18. Bf1 Nfg6 $132 {Lazic,M-Mrdja,M/JUG-Cup Pula 1990/0-1
(34)}) (13... Rg8 14. Nf3 $2 b5 15. Qd4 Nfd7 $15 {Brito,A-Sunye Neto,J/
Hastings 1980/0-1(29)}) 14. a3 Rb8 15. f4 (15. f3 $6 Nfd7 16. f4 gxf4 17. Bxf4
b4 18. axb4 Rxb4 19. Rf1 Qb6 $15 {Tal,M-Platonov,I/URS-ch36 Alma Ata 1968/0-1
(57)}) 15... gxf4 16. Bxf4 b4 17. axb4 Rxb4 18. Nb3 Qb6 19. Qxb6 {1/2-1/2
Ivanovic,B-Bukic,E/JUG-Cup f Pula 1991}) 12. Bg3 $6 (12. Qe3 {[%cal Gf2f4]} b5
{[%cal Gb5b4]} (12... Ng4 $6 13. Qg3 Bxh4 14. Qxh4 Ngf6 (14... Nge5 $2 15. f4
g5 $2 16. fxg5 Ng6 17. Qg3 hxg5 18. Qxg5 Rxh2 19. Nxe6 $18) 15. f4) (12... g5
13. Bg3 Ne5)) 12... O-O $15 13. Qe3 b5 {Black develops an initiative faster on
<<,than white in the center.} 14. f4 (14. a3 b4 15. axb4 Rxb4 $17 {[%csl Rb2]})
14... b4 15. Na4 Bb7 16. Bf3 Rfc8 {[%cal Re6e5]} 17. Qb3 Qa5 {[%csl Ra4]} 18.
e5 dxe5 (18... Bxf3 19. gxf3 (19. exf6 $2 Bd5 $19) 19... dxe5 20. fxe5 Nd5 $17)
19. Bxb7 Rxb7 20. fxe5 Nd5 $17 21. Nf5 Bf8 22. Nd6 Bxd6 23. exd6 Rb5 24. Be5 $2
{leaving the pawn-d6 without defender.} Nxe5 25. Rxe5 Qd8 {[%csl Rd6]} 26. Qg3
Rc6 (26... Qxd6 $4 {[%tqu "En","","","","e5d5","",5]} 27. Rexd5 $1 Qxg3 $140
28. Rd8+ $18) 27. Rd4 Qxd6 28. Rg4 Qf8 29. b3 f6 30. Ree4 f5 31. Rc4 Rxc4 32.
Rxc4 Qf6 33. Qd6 Ne3 $1 {In my opinion the rest of the game was played in
mutual time-trouble.} 34. Rd4 Kh7 35. Nc5 e5 36. Nd7 (36. Qxf6 gxf6 37. Rd7+
Kg6 38. Nxa6 Nxg2 $19 {[%csl Re5,Rf5]}) 36... Qxd6 37. Rxd6 e4 38. h4 Rd5 39.
Rxd5 Nxd5 (39... Nxd5 40. Nc5 a5 41. Nb7 Nf4 $19) 0-1

[Event "Ubeda op 5th"]
[Site "Ubeda"]
[Date "2000.01.26"]
[Round "8"]
[White "Stocek, Jiri"]
[Black "Paragua, Mark"]
[Result "1-0"]
[WhiteElo "2496"]
[BlackElo "2368"]
[Annotator "Tyomkin,D"]
[PlyCount "85"]
[EventDate "2000.01.19"]
[EventType "swiss"]
[EventRounds "10"]
[EventCountry "ESP"]
[SourceTitle "CBM 075"]
[Source "ChessBase"]
[SourceDate "2000.04.05"]
[SourceVersion "1"]
[SourceVersionDate "2000.04.05"]
[SourceQuality "1"]

1. e4 c5 2. Nf3 d6 3. d4 cxd4 4. Nxd4 Nf6 5. Nc3 a6 6. Bg5 e6 7. Qd3 Be7 8.
O-O-O h6 9. Bh4 Nbd7 $146 (9... b5 10. f4 g5 11. e5 gxh4 12. exf6 Bxf6 13. f5
e5 14. Nf3 Bb7 15. Be2 (15. Ne4 $5 d5 $140 16. Qe2 $1 {[%csl Re5]}) 15... Rg8
$132 {0-1 Romero Holmes,A-Kuczynski,R/Dubai 1986/TD (44)}) 10. f4 g5 (10... Qc7
$5 11. Qg3 O-O {with a long fight ahead.}) 11. fxg5 Ne5 $6 (11... Ng4 $142) 12.
Qd2 Nfg4 13. h3 Ng6 14. Nf3 N4e5 (14... Nxh4 15. hxg4 hxg5 16. g3 Ng6 17. Rxh8+
Nxh8 18. e5 $1 $16) 15. Bg3 hxg5 16. Qd4 Qa5 17. Bc4 Qc7 18. Bb3 b5 {[%tqu
"En","White has one very strong move. Try to find it.","","","c3d5","",10]} 19.
Nd5 $1 {[%mdl 64] It is always pleasure to make move like this!} exd5 (19...
Qa7 20. Nxe5 dxe5 21. Bxe5 $18) 20. Nxe5 dxe5 21. Qxd5 O-O 22. Qxa8 Bb7 23. Qa7
Bc5 {White had to see this position, while he played 19.Nd5, but fortunately
white has a move.} 24. Rd7 $1 {[%mdl 64]} Qxd7 25. Qxc5 $16 {The result of
whites tactical operation is pawn up for white.} Bxe4 (25... Rd8 26. Bd5 Bxd5
27. Rd1 $18) 26. Bxe5 a5 $2 {This is obvious, that black had to think about
improvement of his pieces. For this reason black had few moves like:} (26...
Qf5 27. Bd6 $16) (26... Rc8 $142 27. Qe3 Qf5 28. Bc3 $16) 27. Bc3 $18 {[%csl
Rg5] Strenth of pair of white bishops decides on this open ground.} a4 (27...
b4 28. Bf6 $18) 28. Rd1 Qf5 29. Qd4 Qf4+ 30. Kb1 Ne5 31. Bd5 $1 {This exact
move leads to the ending with two pawns up for white.} Bxd5 (31... Rd8 32.
Bxf7+ $1) 32. Qxf4 gxf4 33. Rxd5 Ng6 34. Rxb5 Re8 {The rest is just matter of
technic, and white wins the game by series of exact moves.} 35. Kc1 $1 Re3 36.
h4 $1 {[%csl Rg8][%cal Rh4h5]} Ne7 37. Re5 f5 38. Rxe3 fxe3 39. g3 Nd5 40. Kd1
Kf7 41. Bd4 Ke6 42. c4 Nb4 43. Bxe3 1-0

[Event "Montreal 2nd"]
[Site "Montreal"]
[Date "2001.08.02"]
[Round "1"]
[White "Goldenberg, Danny"]
[Black "Lesiege, Alexandre"]
[Result "0-1"]
[WhiteElo "2343"]
[BlackElo "2564"]
[Annotator "Tyomkin,D"]
[PlyCount "68"]
[EventDate "2001.08.02"]
[EventType "tourn"]
[EventRounds "11"]
[EventCountry "CAN"]
[EventCategory "9"]
[SourceTitle "CBM 085"]
[Source "ChessBase"]
[SourceDate "2001.11.13"]
[SourceVersion "1"]
[SourceVersionDate "2001.11.13"]
[SourceQuality "1"]

1. e4 c5 2. Nf3 d6 3. d4 cxd4 4. Nxd4 Nf6 5. Nc3 a6 6. Bg5 e6 7. Qd3 Be7 8.
O-O-O Nbd7 9. f4 h6 (9... Qc7 {- is the main line in this position;}) 10. Bh4 {
White has got perspective position in the following game by trading on f6:} (
10. Bxf6 Nxf6 11. Be2 Qc7 12. Bf3 Rb8 13. Rhe1 O-O 14. Kb1 Nd7 15. g4 $132 {
0-1 Bazkurt Ilker,N-Popovic,D/Halkidiki GRE 2001/The Week in Chess 357 (47)})
10... g5 11. fxg5 Ne5 12. Qd2 $146 (12. Qe2 Nfg4 13. Nf3 hxg5 14. Bg3 Qa5 $5
15. Nxe5 $6 Nxe5 16. Qe3 Bd7 17. Be2 Rc8 18. Rhf1 Qc5 19. Qd2 b5 $15 {0-1
Osuna Munoz,X-Belotti,B/Bratto ITA 2001/The Week in Chess 362 (32)}) 12... Nfd7
(12... Nfg4 13. h3 hxg5 14. Bg3 $14) 13. Nf3 hxg5 14. Bg3 (14. Bxg5 $2 Nxf3 15.
Bxe7 Nxd2 16. Bxd8 Nxf1 $17) 14... Qa5 {Black queen is placed very comfortable
there;} 15. Qd4 $6 {That is the beginning of wrong plan- the idea was to
prevent b7-b5...} (15. Kb1 $142 Nxf3 (15... g4 16. Nxe5 Nxe5 {[%cal Gb7b5]} 17.
Be2 {[%cal Gg3e5]}) 16. gxf3 Ne5 $132) 15... b5 $1 {Anyhow. Lesiege correctly
evaluated consiquences of the following acts:} 16. Nxe5 $2 dxe5 17. Qd2 {
Finally white has considered that the capture on e5 leads to very good
position for black:} (17. Bxe5 Nxe5 18. Qxe5 f6 19. Qd4 b4 20. Qc4 $1 {[%cal
Yc4a2,Rc4c6]} Bd7 21. Nb1 Qe5 $15 {[%cal Ga8c8]}) 17... b4 18. Nb1 Qxa2 $17 {
But here black is up a pawn and also can get all pieces into the game very
quickly;} 19. Be2 Ra7 {[%cal Ga7c7]} (19... Qa4 $5 {[%cal Gc8b7]}) 20. Bxe5 $5
{Good practical chance- this way white complicated the game for a while; In
other case black would play Rc7 and Bb7 with clear advantage;} Nxe5 21. Qd4 Qa5
(21... Bf6 22. Qxa7 Nc4 23. Bxc4 Bxb2+ 24. Kd2 Qxc4 $17) 22. Qxa7 Bc5 23. Qb8
Be3+ 24. Rd2 O-O 25. c3 (25. Rhd1 $17 {[%cal Gb2b3,Yc1b2]}) 25... bxc3 26. Nxc3
$4 {White loses both rooks now. But, also after 26.bxc3, white stays under the
sudden pin over c1-g5 diagonal and black is close to win there too:} (26. bxc3
Rd8 27. Rhd1 Nc6 $17) 26... Bd7 $19 27. Qd6 Qa1+ 28. Kc2 Qxh1 29. Qxe5 Bxd2 30.
Kxd2 Qxg2 {White has only knight for rook and pawn- white could resign the
game right now;} 31. Kc1 Bb5 32. Nxb5 axb5 33. Qxb5 Qg1+ 34. Bf1 Qe3+ {[%csl
Re4]} 0-1

[Event "Pinamar Masters 1st"]
[Site "Pinamar"]
[Date "2001.03.13"]
[Round "6"]
[White "Van Riemsdijk, Herman Claudius"]
[Black "Ricardi, Pablo"]
[Result "0-1"]
[WhiteElo "2376"]
[BlackElo "2554"]
[Annotator "Tyomkin,D"]
[PlyCount "48"]
[EventDate "2001.03.08"]
[EventType "tourn"]
[EventRounds "11"]
[EventCountry "ARG"]
[EventCategory "8"]
[SourceTitle "CBM 082"]
[Source "ChessBase"]
[SourceDate "2001.05.17"]
[SourceVersion "1"]
[SourceVersionDate "2001.05.17"]
[SourceQuality "1"]

1. e4 c5 2. Nf3 d6 3. d4 cxd4 4. Nxd4 Nf6 5. Nc3 a6 6. Bg5 e6 7. Qf3 h6 8. Bh4
Nbd7 9. O-O-O Be7 (9... Ne5 $5 {-see games;}) (9... Ne5 {Moiseev} 10. Qe2 g5
11. Bg3 Bd7 12. h4 Rg8 13. hxg5 hxg5 14. Nf3 Qc7 15. Qe3 Be7 $10 {1/2-1/2
Spassky,B-Petrosian,T/Moscow 1955/URS-ch/[Moiseev] (42)}) 10. Qe2 $6 {The idea
is to push f2-f4 as soon as possible.} (10. Be2 Qc7 11. Qe3 g5 12. Bg3 Ne5 13.
h4 (13. Rhf1 b5 14. a3 Rb8 15. f4 gxf4 16. Rxf4 h5 17. h3 b4 18. axb4 Rxb4 $132
{1/2-1/2 Kupreichik,V-Grigorian,K/Minsk 1976/EXT 2001 (41)}) 13... Rg8 14. hxg5
hxg5 15. Qd2 Bd7 16. Nf3 $14 {/= 1/2-1/2 Liberzon,V-Portisch,L/Skara 1980/
EU-chT (50)}) (10. g4 $1 {Moiseev} Ne5 11. Qe2 g5 (11... Nexg4 12. f4 $1) 12.
Bg3 Nfxg4 13. h3 Nf6 14. Nxe6 $1 Bxe6 15. Bxe5 $13) 10... Qc7 11. Bg3 $6 $146 {
It looks like it is wasting time.} (11. f4 b5 12. a3 Rb8 13. e5 dxe5 14. fxe5
Qxe5 15. Bg3 Qxe2 16. Bxe2 Rb6 $17 {0-1 Dzuban,O-Bangiev,A/Odessa 1971/EXT
2001 (40)}) 11... b5 12. f4 b4 13. Nb1 Bb7 $15 {Black has a pleasant Sicilian
setup,and white has lack of development.} 14. Nd2 O-O 15. e5 dxe5 16. fxe5 Nd5
17. Nc4 N7b6 (17... Nc5 $5 $15) 18. Nxb6 (18. Nd6 Na4 $1 {[%cal Re7g5,Ya4c3]}
19. Rd3 $5 $15 (19. Nxb7 $140 Bg5+ $19) (19. Qc4 Qxc4 20. Bxc4 Ne3 21. Nxb7
Nxc4 $17 {[%cal Ge7g5]})) 18... Nxb6 19. h4 Bd5 $17 20. Kb1 Rfd8 {Black has
all his pieces developed and he is going to start an attack over the queenside.
} 21. Qg4 Na4 22. Bf4 {Letting black to begin the decisive attack. Probably
white can't hold the defence.} (22. Be2 Nxb2 $1 23. Kxb2 Qc3+ 24. Kb1 (24. Kc1
b3 (24... Qa3+ 25. Kd2 Bxg2 $19 26. Rhg1 $140 Qc3+ 27. Kc1 Qa1+ {[%csl Rd4]})
25. Rd3 Ba3+ 26. Kd1 Qa1+ $19 (26... bxc2+ $19)) 24... b3 $19 {[%cal Ge7a3]}) {
[%tqu "En","Black has a tactical way to win material here.","","","d5a2","",10]
} 22... Bxa2+ $1 {[%mdl 64]} 23. Kxa2 Rxd4 24. Bd3 (24. Rxd4 Qxc2 {[%cal Rc2b2]
}) {[%tqu "En","Find out the final blow.","","","a4c3","",10]} 24... Nc3+ $1 {
[%mdl 64] Ricardi has led typical but nice Sicilian attack in this game.} (
24... Nc3+ 25. bxc3 Qa5+ 26. Kb1 bxc3 $19 {[%cal Rb4b2,Ra5b4,Ra8b8]}) 0-1